|
|
|
|
| LEADER |
00959nam a2200277 a 4500 |
| 001 |
c000332497 |
| 003 |
CARM |
| 005 |
00000000000000.0 |
| 008 |
790315s1978 mnua b 00010 eng |
| 019 |
1 |
|
|a 1391371
|5 LACONCORD2021
|
| 020 |
|
|
|a 0030439167
|
| 020 |
|
|
|a 0866836152
|
| 035 |
|
|
|a (OCoLC)4834852
|5 LACONCORD2021
|
| 040 |
|
|
|d NNCU
|d WLB
|
| 050 |
0 |
0 |
|a HQ755.8
|b .C56
|
| 082 |
1 |
|
|a 649/.1
|2 19
|
| 100 |
1 |
|
|a Clarke, Jean Illsley.
|
| 245 |
1 |
0 |
|a Self-esteem :
|b a family affair /
|c by Jean Illsley Clarke.
|
| 260 |
|
|
|a Minneapolis :
|b Winston Press,
|c c1978.
|
| 300 |
|
|
|a ix, 280 p. :
|b ill. ;
|c 24 cm.
|
| 504 |
|
|
|a Bibliography: p. 277-278.
|
| 650 |
|
0 |
|a Parenting
|x Psychological aspects.
|
| 650 |
|
0 |
|a Self-esteem.
|
| 852 |
8 |
|
|b CARM
|h A2:AI31H0
|i C08917
|p 0308432
|f BK
|
| 999 |
f |
f |
|i adc7f47a-6fc3-5c43-bcc3-cb087c95fde9
|s 2f6bb847-e1f3-59e4-b3d1-76ac554f109e
|
| 952 |
f |
f |
|p Can circulate
|a CAVAL
|b CAVAL
|c CAVAL
|d CARM 1 Store
|e C08917
|f A2:AI31H0
|h Other scheme
|i book
|m 0308432
|